St. Louis Cardinals Players - Sudden Death - Statistics

General Stats
  • This quiz has been taken 201 times
  • The average score is 14 of 18
Answers on the Grid
Answers color-coded by a green-red scale on the quiz's grid according to % correct below.
Adam Wainwright
Adolis Garcia
Albert Pujols
Barry Larkin
Bob Gibson
David Ortiz
Dizzy Dean
Ichiro Suzuki
Ivan Rodriguez
Johnny Mize
Jose Canseco
Jose Ramirez
Juan Soto
Kieth Hernandez
Kirby Puckett
Lou Brock
Mark McGwire
Masyn Winn
Matt Carpenter
Miguel Cabrera
Nolan Arenado
Ozzie Smith
Paul Goldschmidt
Paul Molitor
Scott Rolen
Stan Musial
Ted Williams
Vince Coleman
Willie Mays
Yadier Molina
 
Answer Stats
Answer % Correct
Adam Wainwright
99%
Albert Pujols
92%
Bob Gibson
89%
Mark McGwire
84%
Matt Carpenter
84%
Ozzie Smith
84%
Stan Musial
82%
Lou Brock
81%
Paul Goldschmidt
80%
Scott Rolen
80%
Nolan Arenado
78%
Yadier Molina
77%
Dizzy Dean
75%
Masyn Winn
71%
Vince Coleman
68%
Kieth Hernandez
65%
Adolis Garcia
62%
Johnny Mize
54%
No matching quizzes found
Score Distribution
Percent of People with Each Score
Percentile by Number Answered
Your Score History
You have not taken this quiz